| 000 | 00505nam a2200157Ia 4500 | ||
|---|---|---|---|
| 008 | 230917s9999||||xx |||||||||||||| ||und|| | ||
| 040 |
_e201165 _aMAIN |
||
| 041 | _aEnglish | ||
| 082 | _a891.43301731 SK23S | ||
| 100 | _aश्रवण कुमार | ||
| 245 | 0 | _aसिलसिलाः स्त्री पुरूष खण्ड 1 | |
| 250 | _aद्वितीय ed. | ||
| 260 |
_aनई दिल्ली _bनमन प्रकाशन _c2008 |
||
| 300 | _av, 145 p. | ||
| 942 | _cHN | ||
| 999 |
_c160348 _d160348 |
||